000 00395cam a2200157ua 4500
003 OSt
005 20260213114213.0
008 260213b |||||||| |||| 00| 0 eng d
041 _aeng
082 _a510
_bMIN/ME
245 _aMetric conversion table for everyday use /
250 _a1 /
260 _aIndia :
_bPublication Division, Govt. of India ,
_c1963.
300 _a53 ; .
942 _cBK
999 _c8662
_d8662